Middlesex

Saved in:
書目詳細資料
主要作者: Eugenides, Jeffrey
格式: 圖書
語言:英语
標簽: 添加標簽
沒有標簽, 成為第一個標記此記錄!

MARC

LEADER 00000nam a2200000 4500
001 CDOM0000000660
003 mi
005 20250828210317.0
008 250828b |||||||| |||| 00| 0 eng d
040 |c mi 
100 |a Eugenides, Jeffrey 
245 1 |a Middlesex  
942 |2 ddc  |c BK 
952 |0 0  |1 0  |2 ddc  |4 0  |7 0  |9 4972  |a MI  |b MI  |d 2005-06-07  |i 4565  |l 0  |p CDOM4565  |r 2025-07-07 11:14:00  |w 2025-07-07  |x ACQUISTO  |y BK 
999 |c 3900  |d 3900